Music Quiz

Random Music or Artist Quiz

Killer Tunes Quiz Stats

Quiz Updated Aug 4, 2015

Also try: Finish the Lyric
Challenge
Share
Tweet
Embed
Score 0/22 Timer 06:00
3 Plays Today
Lyric Song % Correct
Put a gun against his head / pulled my trigger now he's deadBohemian Rhapsody
90.2%
All of a sudden I saw sheriff John Brown, Aiming to shoot me down / So I shot - I shot - I shot him downI Shot The Sheriff
62.1%
She had to take him down easy / And put a bullet in his brainJanie's Got A Gun
49.6%
Some dude was drunk and drove his car over a bridge /
and had his girlfriend in the trunk, and she was pregnant with his kid
Stan
48.1%
But I shot a man in Reno, just to watch him dieFolsom Prison Blues
35.2%
Yes I did, I shot her / You know, I caught her messin' round, messin' round townHey Joe
31%
You're feelin' weak? Why don't you lay down and sleep Earl / Ain't it dark wrapped up in that tarp Earl?Goodbye Earl
22.5%
'Accidents will happen' they all heard Ricky say / He fired his six-shot to the wind / that child blew a child away18 And Life
19.4%
On the sidewalk, one Sunday mornin / Lies a body oozin' life / Someone's sneakin' round that cornerMack The Knife
19.2%
In walked Captain Farrell / I jumped up, fired off my pistols / And I shot him with both barrelsWhiskey In The Jar
18.5%
He walked on down the hall / He went into the room where his sister lived, and then he… / Paid a visit to his brother, and then he…The End
14.8%
Lyric Song % Correct
I had to put her / six feet under / And I can still hear her complainUsed To Love Her
14.8%
She stood there laughing / I felt the knife in my hand and she laughed no moreDelilah
12.5%
I got something to say / I killed your baby today / And it doesn’t matter much to me / As long as it’s deadLast Caress
5.2%
If you can slip a tablet into someone's coffee / Then it avoids an awful lot of messMurder By Numbers
4.2%
And people started to scream / Big man lying on the ground / With a hole in his body / Where his life had beenJailbreak
4%
And the last thing I heard was a muttered word / As he stood smiling above me with a rock in his fistWhere The Wild Roses Grow
3.5%
Raised my rifle to my eye / Never stopped to wonder why /
Then I saw black, and my face splashed in the sky
Powderfinger
2.6%
See my sister got raped, so a man got killed / Local boy went to prison, man's buried on the hill38 Years Old
1.7%
A fall down the stairs / Her dress torn / Oh the blood in her hair… / A mystery so sullen in airLittle Susie
1.3%
You're a notch / And I'm a legend / You're at peace / And I must hideDesperado
1.3%
I count the corpses on my left, I find I'm not so tidy / So I better get away, better make it todayRunning Gun Blues
0.7%

You're not logged in!

Compare scores with friends on all Sporcle quizzes.
Join for Free
OR
Log In

You Might Also Like...

Show Comments

Extras

Top Quizzes Today


Score Distribution

Your Account Isn't Verified!

In order to create a playlist on Sporcle, you need to verify the email address you used during registration. Go to your Sporcle Settings to finish the process.

Report this User

Report this user for behavior that violates our Community Guidelines.

Details: